书目信息 |
| 题名: |
微观经济学
|
|
| 作者: | 高志文 , 朱晓东 主编 | |
| 分册: | ||
| 出版信息: | 南京 东南大学出版社 2014.03 |
|
| 页数: | 333页 | |
| 开本: | 26cm | |
| 丛书名: | 高等学校经管类核心教材 | |
| 单 册: | ||
| 中图分类: | F016 | |
| 科图分类: | ||
| 主题词: | 微观经济学--wei guan jing ji xue--高等学校--教材 | |
| 电子资源: | ||
| ISBN: | 978-7-5641-4763-1 | |
| 000 | 01056nam 2200289 450 | |
| 001 | CAL 006541233 | |
| 005 | 20150825140747.07 | |
| 010 | @a978-7-5641-4763-1@dCNY49.00 | |
| 100 | @a20140516d2014 em y0chiy50 ea | |
| 101 | 0 | @achi |
| 102 | @aCN@b320000 | |
| 105 | @aak a 000yy | |
| 106 | @ar | |
| 200 | 1 | @a微观经济学@Awei guan jing ji xue@f主编高志文, 朱晓东 |
| 210 | @a南京@c东南大学出版社@d2014.03 | |
| 215 | @a333页@c图@d26cm | |
| 225 | 2 | @a高等学校经管类核心教材@Agao deng xue xiao jing guan lei he xin jiao cai |
| 320 | @a有书目 | |
| 330 | @a本书介绍了现代西方微观经济学主要的基本理论和基本研究方法, 力图为经济学的初学者提供一个结构完善、脉络清晰的现代西方微观经济学的理论框架。全书分为十一章, 论述价格机制在资源配置中的有效性问题。 | |
| 410 | 0 | @12001 @a高等学校经管类核心教材 |
| 586 | @a | |
| 606 | 0 | @a微观经济学@Awei guan jing ji xue@x高等学校@j教材 |
| 690 | @aF016@v5 | |
| 701 | 0 | @a高志文@Agao zhi wen@4主编 |
| 701 | 0 | @a朱晓东@Azhu xiao dong@4主编 |
| 801 | 0 | @aCN@c20150820 |
| 905 | @a河南城建学院图书馆@dF016@eG210@f3 | |
| 微观经济学/主编高志文, 朱晓东.-南京:东南大学出版社,2014.03 |
| 333页:图;26cm.-(高等学校经管类核心教材) |
| ISBN 978-7-5641-4763-1:CNY49.00 |
| 本书介绍了现代西方微观经济学主要的基本理论和基本研究方法, 力图为经济学的初学者提供一个结构完善、脉络清晰的现代西方微观经济学的理论框架。全书分为十一章, 论述价格机制在资源配置中的有效性问题。 |
| ● |
| 相关链接 |
|
|
|
正题名:微观经济学
索取号:F016/G210
 
预约/预借
| 序号 | 登录号 | 条形码 | 馆藏地/架位号 | 状态 | 备注 |
| 1 | 1223658 | 212236588 | 社科库409/409社科库 63排1列3层/ [索取号:F016/G210] | 在馆 | |
| 2 | 1223659 | 212236597 | 社科库409/409社科库 63排1列3层/ [索取号:F016/G210] | 在馆 | |
| 3 | 1223660 | 212236604 | 社科库409/409社科库 63排1列3层/ [索取号:F016/G210] | 在馆 |